[Event "Lloyds Bank Open"]
[Site "London ENG"]
[Date "1987.??.??"]
[Round "1"]
[White "Hebden, Mark L"]
[Black "Lane, Gary W"]
[Result "1-0"]
[WhiteElo "2515"]
[BlackElo "2285"]
[PlyCount "39"]
[EventDate "1987.??.??"]
[Source "www.chesslib.no"]
[SourceDate "2004.05.04"]

1. e4 e5 2. f4 Bc5 3. Nf3 d6 4. Nc3 Nc6 5. Na4 Bb6 6. Bb5 Bd7 7. Nxb6 axb6 8. d3 Qe7 9. O-O Nf6 10. Kh1 h6 11. Qe1 O-O-O 12. a4 exf4 13. Bxf4 Nb8 14. Nd4 c6 15. Qc3 Ne8 16. a5 bxa5 17. Rxa5 Nc7 18. Bc4 b5 19. Bxb5 cxb5 20. Ra7 1-0

[Event "Tula RUS"]
[Site "?"]
[Date "2006.02.20"]
[Round "14"]
[White "Gurin Anatolij"]
[Black "Afromeev Vladimir"]
[Result "0-1"]
[WhiteElo "2225"]
[BlackElo "2573"]
[PlyCount "116"]
[EventDate "2006.??.??"]
[Source "www.chesslib.no"]
[SourceDate "2004.05.04"]

1. e4 e5 2. f4 Bc5 3. Nf3 d6 4. Bc4 Nf6 5. Nc3 Nc6 6. d3 Bg4 7. Na4 Bb6 8. Nxb6 axb6 9. c3 O-O 10. O-O exf4 11. Bxf4 Nh5 12. Be3 Ne5 13. Bb3 Kh8 14. Qd2 Nxf3+ 15. gxf3 Be6 16. Bxe6 fxe6 17. f4 Ra5 18. a3 Qh4 19. Qf2 Qh3 20. Kh1 Nf6 21. Qg3 Qxg3 22. hxg3 Rb5 23. b4 Rh5+ 24. Kg2 Ng4 25. Bg1 Ra8 26. a4 Nf6 27. Bf2 e5 28. f5 d5 29. Kf3 g6 30. fxg6 hxg6 31. g4 dxe4+ 32. dxe4 Rh3+ 33. Bg3 Nxe4 34. Kxe4 Rxg3 35. Kxe5 Kg7 36. Ke6 Re3+ 37. Kd7 Rxc3 38. Ke7 Rc4 39. Rf7+ Kg8 40. Raf1 Rxg4 41. Rf8+ Rxf8 42. Rxf8+ Kg7 43. Rf7+ Kh6 44. Kd7 Rxb4 45. Kxc7 Rxa4 46. Kxb6 Rb4+ 47. Kc5 Rb1 48. Kc4 b5+ 49. Kc3 g5 50. Kc2 Rb4 51. Rf5 g4 52. Kc3 Rb1 53. Kc2 Re1 54. Rxb5 g3 55. Rb3 Rg1 56. Kd2 g2 57. Rg3 Rb1 58. Rxg2 Rb2+ 0-1

[Event "Troll Masters"]
[Site "Gausdal"]
[Date "1995.??.??"]
[Round "7"]
[White "Westerinen, Heikki MJ"]
[Black "Fyllingen, Roy Harald"]
[Result "0-1"]
[WhiteElo "2405"]
[BlackElo "2390"]
[PlyCount "60"]
[EventDate "1995.01.??"]
[Source "ChessBase"]

1. e4 e5 2. f4 Bc5 3. Nf3 d6 4. c3 Bb6 5. d4 exd4 6. cxd4 Nf6 7. e5 Ne4 8. Nc3 d5 9. Be3 O-O 10. Nxe4 dxe4 11. Ng5 Nc6 12. Bc4 h6 13. Nxe4 Nxd4 14. O-O Bf5 15. Ng3 Be6 16. Bxe6 fxe6 17. Rc1 Qd5 18. Kh1 Rad8 19. Qg4 Rf7 20. b3 Nxb3 21. Rcd1 Nd4 22. Nh5 Kh7 23. Bxd4 Bxd4 24. Rf3 Qc4 25. Rg3 Qc2 26. Nxg7 Rxf4 27. Qh5 Bxe5 28. Re1 Bxg7 29. h3 Qf5 30. Qe2 Rf8 0-1

[Event "Oakham"]
[Site "Oakham"]
[Date "1992.??.??"]
[Round "7"]
[White "Reinderman, Dimitri"]
[Black "Volzhin, Alexander"]
[Result "0-1"]
[WhiteElo "2420"]
[BlackElo "2370"]
[PlyCount "34"]
[EventDate "1992.03.??"]
[Source "ChessBase"]

1. e4 e5 2. f4 Bc5 3. Qh5 Nf6 4. Qxe5+ Be7 5. Qc3 Nxe4 6. Qxg7 Bf6 7. Qh6 Qe7 8. Be2 d5 9. Nc3 Nxc3 10. bxc3 Bf5 11. Nf3 Nc6 12. Ba3 Qe6 13. O-O-O O-O-O 14. Rhe1 d4 15. Bd3 Qxa2 16. Bxf5+ Kb8 17. Qxf6 Qa1# 0-1

[Event "BRA Ch 61st"]
[Site "Brazil"]
[Date "1995.??.??"]
[Round "1"]
[White "Matsuura, Everaldo"]
[Black "Van Riemsdijk, Herman C"]
[Result "1-0"]
[WhiteElo "2370"]
[BlackElo "2420"]
[PlyCount "99"]
[EventDate "1995.??.??"]
[Source "www.chesslib.no"]
[SourceDate "2004.05.04"]

1. e4 e5 2. f4 Bc5 3. Nf3 d6 4. c3 Bb6 5. Bc4 Nf6 6. fxe5 dxe5 7. Nxe5 O-O 8. d4 Nxe4 9. O-O Nd6 10. Bd3 Nd7 11. Bf4 Nxe5 12. Bxe5 Qe7 13. Kh1 Be6 14. Nd2 f6 15. Bg3 Rad8 16. Qc2 h6 17. Nf3 Qd7 18. Nh4 Bf7 19. Bxd6 Qxd6 20. Nf5 Qd7 21. Qf2 Be6 22. Qg3 Bxf5 23. Bxf5 Qf7 24. Rae1 Rd6 25. d5 Kh8 26. Be6 Qh5 27. Rf5 g5 28. Qd3 c6 29. c4 Bc7 30. h3 c5 31. Ref1 Kg7 32. Qc3 Qg6 33. Qa3 Qe8 34. Qxc5 Qd8 35. Qe3 Rb6 36. c5 Rxb2 37. d6 Bb8 38. Qd4 Re2 39. Bc4 Ree8 40. Qd5 b6 41. Qb7+ Kh8 42. Bd3 Qc8 43. Qxc8 Rxc8 44. d7 Rcd8 45. c6 Kg7 46. g4 Bc7 47. Re1 h5 48. gxh5 Rh8 49. Re7+ Kf8 50. Re6 1-0

[Event "CZE Team Ch 9596"]
[Site "Czech Republic"]
[Date "1996.??.??"]
[Round "5"]
[White "Stocek, Jiri"]
[Black "Pachman, Ludek"]
[Result "1-0"]
[WhiteElo "2465"]
[BlackElo "2325"]
[PlyCount "83"]
[EventDate "1995.??.??"]
[Source "www.chesslib.no"]
[SourceDate "2004.05.04"]

1. e4 e5 2. f4 Bc5 3. Nf3 d6 4. Nc3 Nf6 5. Bc4 Nc6 6. d3 a6 7. Rf1 h6 8. Nd5 Be6 9. fxe5 Bxd5 10. exf6 Bxc4 11. fxg7 Rg8 12. dxc4 Rxg7 13. Qe2 Qf6 14. c3 O-O-O 15. Bd2 Re8 16. O-O-O Qe6 17. Nh4 Qxe4 18. Qxe4 Rxe4 19. g3 Re2 20. Bxh6 Rh7 21. Rd2 Re4 22. Nf5 Rxc4 23. Rf4 Rxf4 24. Bxf4 Kd7 25. h4 Ke6 26. g4 Ne5 27. Re2 f6 28. Kc2 Kf7 29. Nh6+ Kg7 30. Nf5+ Kf7 31. Nh6+ Kg7 32. g5 fxg5 33. hxg5 Kg6 34. b4 Bb6 35. c4 Nxc4 36. Re6+ Kh5 37. Nf5 Ne5 38. Ne7 Bd4 39. g6 Rxe7 40. Rxe7 Nxg6 41. Rh7+ Kg4 42. Bd2 1-0

[Event "AUS Open"]
[Site "Adelaide AUS"]
[Date "1986.??.??"]
[Round "?"]
[White "Polgar, Judit"]
[Black "Djuric, Stefan"]
[Result "0-1"]
[WhiteElo "2355"]
[BlackElo "2435"]
[PlyCount "90"]
[EventDate "1986.??.??"]
[Source "www.chesslib.no"]
[SourceDate "2004.05.04"]

1. e4 e5 2. f4 Bc5 3. Nf3 d6 4. c3 Nf6 5. d4 exd4 6. cxd4 Bb4+ 7. Bd2 Bxd2+ 8. Nbxd2 O-O 9. Bd3 Nc6 10. O-O Nb4 11. Bb1 c5 12. a3 Nc6 13. d5 Ne7 14. a4 b6 15. Nc4 Ba6 16. Nfd2 Ng6 17. Qf3 Nd7 18. Bd3 Rb8 19. Qg3 f5 20. exf5 Nh4 21. Qg5 h6 22. Qxd8 Rbxd8 23. g4 Nf6 24. Kf2 Nxd5 25. Kg3 Nb4 26. Bb1 d5 27. Ne5 Bxf1 28. Nxf1 g5 29. fxg6 Rde8 30. Nd7 Re1 31. Kxh4 Rxf1 32. Kh5 R8xf4 33. Kxh6 Rxg4 34. Ra3 Rh4+ 35. Kg5 Rxh2 36. Nf6+ Kf8 37. Ng4 Rhh1 38. Bf5 Kg7 39. Ne3 Rf2 40. Bg4 d4 41. Nf5+ Rxf5+ 42. Bxf5 Rg1+ 43. Kf4 Nd5+ 44. Ke4 Ne7 45. a5 Re1+ 0-1

[Event "POL Ch 40th"]
[Site "Piotrkow Trybunalski"]
[Date "1983.02.17"]
[Round "6"]
[White "Flis, Jacek"]
[Black "Szymczak, Zbigniew"]
[Result "1-0"]
[WhiteElo "2325"]
[BlackElo "2460"]
[PlyCount "81"]
[EventDate "1983.02.12"]
[Source "www.chesslib.no"]
[SourceDate "2004.05.04"]

1. e4 e5 2. f4 Bc5 3. Nf3 d6 4. c3 Bg4 5. fxe5 Bxf3 6. Qxf3 dxe5 7. d3 Nf6 8. Nd2 O-O 9. Nb3 Be7 10. Be3 a5 11. Be2 a4 12. Nd2 Nc6 13. O-O Ne8 14. Qg3 Bh4 15. Qg4 Qe7 16. Rf3 Bf6 17. Rh3 g6 18. Nf3 Bg7 19. Bg5 Qc5+ 20. Kh1 h5 21. Qh4 a3 22. bxa3 Qxc3 23. Rg1 Qc2 24. Bd1 Qxd3 25. Nxe5 Nxe5 26. Rxd3 Nxd3 27. Qg3 Nc5 28. Bc2 Nd6 29. Re1 Rfe8 30. e5 Nb5 31. Qf2 Ne6 32. Bf6 Nbd4 33. Be4 Bxf6 34. exf6 Reb8 35. Bd5 Ra6 36. Qd2 Kh7 37. Re5 Rd6 38. h3 Nc6 39. Rxh5+ gxh5 40. Be4+ Kg8 41. Qh6 1-0

[Event "Corr"]
[Site "?"]
[Date "2002.??.??"]
[Round "?"]
[White "Bazela Emil"]
[Black "Marek Stanislav"]
[Result "1/2-1/2"]
[WhiteElo "2395"]
[BlackElo "2390"]
[PlyCount "77"]
[EventDate "2002.??.??"]
[Source "www.chesslib.no"]
[SourceDate "2004.05.04"]

1. e4 e5 2. f4 Bc5 3. Nf3 d6 4. c3 Nf6 5. fxe5 dxe5 6. Nxe5 O-O 7. d4 Bd6 8. Bf4 Nxe4 9. Bd3 Nf6 10. O-O c5 11. Bg5 Be7 12. Qb3 Qb6 13. Qxb6 axb6 14. Nc4 cxd4 15. cxd4 Be6 16. Nxb6 Rxa2 17. Rxa2 Bxa2 18. Nc3 Bb3 19. Ne4 Rd8 20. Nxf6+ Bxf6 21. Bxf6 gxf6 22. Rf3 Nc6 23. Bxh7+ Kxh7 24. Rxb3 Nxd4 25. Re3 Ne6 26. Kf2 Rd4 27. b3 f5 28. Nc4 b5 29. Na3 Rd2+ 30. Re2 Rd5 31. b4 Kg6 32. Rc2 Nf4 33. Rc3 Nd3+ 34. Kf1 f4 35. Nxb5 Rxb5 36. Rxd3 Rxb4 37. Ke2 Rb5 38. Kf3 Kg5 39. Rd8 1/2-1/2

[Event "TCh-CRO w"]
[Site "Rabac"]
[Date "2004.09.08"]
[Round "4"]
[White "Repkova, Eva"]
[Black "Pokorna, Regina"]
[Result "0-1"]
[WhiteElo "2411"]
[BlackElo "2372"]
[PlyCount "86"]
[EventDate "2004.09.05"]
[Source "Roberto Alvarez"]
[SourceDate "2004.09.21"]

1. e4 e5 2. f4 Bc5 3. Nf3 d6 4. Nc3 Nf6 5. fxe5 dxe5 6. Nxe5 Qd4 7. Nd3 Bb6 8. Qf3 O-O 9. Nf2 Nc6 10. d3 Qc5 11. Qe2 Nd4 12. Qd2 Bd7 13. Rb1 a5 14. Nfd1 Ng4 15. Be2 f5 16. Bxg4 fxg4 17. Ne3 g3 18. hxg3 Qe5 19. Nf1 Bg4 20. Nd5 Qxd5 21. c3 Qxa2 22. cxd4 Qxb1 23. Ne3 Be6 24. d5 Bxe3 25. Qxe3 Bxd5 26. Rh5 Bc6 27. Rg5 Rf7 28. Rc5 Raf8 29. Rc3 Rf1+ 30. Ke2 R8f2+ 31. Qxf2 Rxf2+ 32. Kxf2 a4 33. Ke3 Kf7 34. Rc5 Ke6 35. Kd4 Qa2 36. Rc3 Kd7 37. Ke3 b5 38. Rc5 b4 39. d4 Qb3+ 40. Kf4 a3 41. bxa3 bxa3 42. d5 Ba4 43. Kf5 a2 0-1

[Event "Pau Open"]
[Site "Pau"]
[Date "1988.??.??"]
[Round "7"]
[White "Berthelot, Yannick"]
[Black "Flear, Glenn C"]
[Result "1/2-1/2"]
[WhiteElo "2320"]
[BlackElo "2460"]
[PlyCount "101"]
[EventDate "1988.??.??"]
[Source "www.chesslib.no"]
[SourceDate "2004.05.04"]

1. e4 e5 2. f4 Bc5 3. Nf3 d6 4. c3 Nf6 5. fxe5 dxe5 6. Nxe5 O-O 7. d4 Bb6 8. Bg5 Qe8 9. Qf3 Nbd7 10. Nxd7 Nxe4 11. Nxf8 Nxg5+ 12. Qe2 Bg4 13. Qe5 Qxe5+ 14. dxe5 Re8 15. Bd3 Rxe5+ 16. Kd2 Ne4+ 17. Bxe4 Rxe4 18. Re1 Rxe1 19. Kxe1 Kxf8 20. Nd2 c6 21. Nb3 Be6 22. Kd2 Bd5 23. g3 g6 24. Re1 f5 25. Nc1 h5 26. a4 h4 27. Nd3 hxg3 28. hxg3 a5 29. b4 axb4 30. cxb4 Bc7 31. Nf4 Bd6 32. Nxd5 cxd5 33. Re6 Bxb4+ 34. Ke2 Bc5 35. Rxg6 Kf7 36. Rh6 b6 37. Rc6 Ke7 38. a5 Kd7 39. Rf6 bxa5 40. Rxf5 Ke6 41. Rf1 a4 42. Kd3 a3 43. Kc2 Ke5 44. g4 Ke4 45. g5 d4 46. g6 d3+ 47. Kb3 Bd4 48. Kxa3 d2 49. Kb3 Kd3 50. Rh1 Be5 51. Rd1 1/2-1/2

[Event "Baku"]
[Site "Baku"]
[Date "1997.??.??"]
[Round "2"]
[White "Yilmaz, Turham"]
[Black "Karpatchev, Aleksandr"]
[Result "0-1"]
[WhiteElo "2390"]
[BlackElo "2390"]
[PlyCount "76"]
[EventDate "1997.??.??"]
[Source "www.chesslib.no"]
[SourceDate "2004.05.04"]

1. e4 e5 2. f4 Bc5 3. Nf3 d6 4. fxe5 dxe5 5. Bc4 Nc6 6. d3 Nf6 7. Qe2 O-O 8. Be3 Bxe3 9. Qxe3 Ng4 10. Qg1 Nd4 11. Na3 Be6 12. h3 Nxf3+ 13. gxf3 Qh4+ 14. Ke2 Nf6 15. Qf2 Qf4 16. Rag1 Nh5 17. h4 Qf6 18. Qc5 c6 19. Rg5 Nf4+ 20. Kd1 b5 21. Qxe5 Qxe5 22. Rxe5 bxc4 23. Nxc4 Bxc4 24. dxc4 Rfd8+ 25. Kc1 Ne2+ 26. Kb1 Rd2 27. a3 a5 28. a4 Nd4 29. Rc1 Nxf3 30. Rc5 Nd4 31. b3 g6 32. Kb2 Rh2 33. h5 Kg7 34. hxg6 hxg6 35. Rg5 Kf6 36. Rc5 Ra6 37. Kb1 Ne6 38. Rf1+ Ke7 0-1